| 000 | 00783nam a2200229 a 4500 | ||
|---|---|---|---|
| 005 | 20210223125411.0 | ||
| 008 | 040629s2003 ch r 000 0 spa d | ||
| 020 | _a9213221576 | ||
| 035 | _aUPN01000133985 | ||
| 049 | _aCG | ||
| 050 | 4 |
_aTD883.7 A4.4 _bC6.6 |
|
| 245 | 0 | 0 |
_aContaminación atmosférica y conciencia ciudadana / _ccomp. Daniela Simioni. |
| 260 |
_aSantiago de Chile : _bCEPAL, _c2003. |
||
| 300 | _a279 p. | ||
| 440 | 0 |
_aLibros de la Cepal ; _v73 |
|
| 650 | 4 |
_aPOLITICA AMBIENTAL - _zAMERICA LATINA _91341 |
|
| 650 | 4 |
_aCONTROL DE CALIDAD DEL AIRE - _xPARTICIPACION CIUDADANA _912355 |
|
| 650 | 4 |
_aCONTAMINACION - _zAMERICA LATINA _912285 |
|
| 650 | 4 |
_aCONTROL DE CALIDAD DEL AIRE - _zAMERICA LATINA _912354 |
|
| 700 | 1 |
_aSimioni, Daniela, _ecomp. |
|
| 905 | _aLibro | ||
| 999 |
_c106136 _d106136 |
||